000 00480nam a2200157 a 4500
001 000036767
005 20200930075926.0
008 120131s1978 mx 000 0 spa d
020 _a9682301718
040 _aDO-SdBNP
_bspa
_cBNPHU
082 _axxxx
_bF981, 1978
245 0 4 _aLos fundamentos de la gramática transformacional. /
_cantologia preparada Heles Contreras.
250 _a6ta ed.
260 _aMéxico :
_bSiglo Veintiuno Editores,
_c1978.
300 _a223 p. ;
_c22 cm.
999 _c36258
_d36258